000
00318 a2200109 4500
001
ART_33053
005
20260410161926.0
008
260409a
245
1
0
_a
Precios de transferencia en el mercado de granos
100
1
_a
Giordano, Ana Lucía
773
0
_t
Lecturas
_g
- Nº 12 (jun. 2008)
_w
REV19328
999
_c
28186
_d
28186